000 00345nam a2200145 i 4500
001 bg
100 1 _aBOLEWSKI, Andrzej
245 0 _aGeologia gospodarcza i jej zagadnienia /
_cAndrzej Bolewski.
260 _aWrocław,
_c1978.
040 _cBPK
041 _apol
080 _a553
942 _cKS
008 s pl f |000 0 pol
999 _c17665
_d17665
856 _uhttp://koha.tu.koszalin.pl/cgi-bin/koha/opac-detail.pl?biblionumber=17665
_yKatalog online BPK